000 00856nam a2200289Ia 4500
001 C0714
003 IT-RoPAU
008 130308s9999 xx 000 0 und d
040 _aIT-RoPAU
040 _cIT-RoPAU
041 _aITALIANO
100 _aScategni Wilma
100 _gCodice Aut. SPICS: 40362
245 _aAscolto musicale e ascolto interiore
245 _bMusica & Terapia-1-Quaderni Italiani di musicoterapia
250 _a1a ed.
260 _aALESSANDRIA
260 _bBoccassi Ugo
260 _c1994 [1° Ed.:1994 - Ed.Ling.Originale:1994]
300 _a"11 p. (prefazione: no ; testo: 11 [pagine: 8-18])"
500 _aPsicodramma, musicoterapia e Danzaterapia tra Mondo Immaginale e Realtà Concreta.
650 _aSAGGI MUSICALI
650 _eCodice materia Spics: 7011
942 _cBK
957 _71
999 _c85680
_d85680
999 _g1